=LDR 00000nam 2200000 4500 =001 INLIS000000000027356 =005 20130612125734 =008 ***********************************Ind** =035 ##$$0010-061300000027356 =041 ##$$a Ind =082 ##$$a 745 =090 ##$$a 745, Rah m =100 ##$$a Rahayu,Endah S =245 ##$$a Membuat kreasi fungsionaldari kain flan el, Endah S Rahayu ; Penyunting, Fuad izzudin =260 ##$$a 2004 $b Jakarta =300 ##$$a viii,70 hlm, ilus, 23 cm =650 ##$$a Kerajinan =700 ##$$a Izzudin,Fuad =850 ##$$a NBPNMAT